000 06511namaa22004331i 4500
003 OSt
005 20260418125658.0
008 250827s2025 ua a|||frm||| 000 0 eng d
040 _aEG-GICUC
_bara
_cEG-GICUC
_dEG-GICUC
_erda
041 0 _aara
_bara
_beng
049 _aإيداع
082 0 4 _a371.94
092 _a371.94
_221
097 _aمــــاجستير
099 _aCai01.26.03.M.Sc.2025.إي.ف
100 0 _a،إيمان كامل سلطان
_eإعداد.
245 1 0 _aفاعلية برنامج قائم على المُشارَكَة الوَالدِيَّة لِخفَّض حدَّة الاضْطِرَاب المُشْترك لدى الأطفال الذاتوييَّن مُرْتفعِيَّ الأداء الوظِيفِيّ مستخدمي الهواتف الذكية /
_cإعداد إيمان كامل سلطان؛ إشراف أ.د. خالد عبد الرازق النجار، أ.م.د. نهى ضياء الدين.
246 1 5 _aThe efficacy of a parental involvement-based program to reduce co-morbidity in high functioning autistic children smartphone users /
264 0 _c2025.
300 _a365 صفحة :
_bإيضاحيات ؛
_c25 سم. +
_eCD.
336 _atext
_2rda content
337 _aUnmediated
_2rdamedia
338 _avolume
_2rdacarrier
502 _aأطروحة (ماجستير)-جامعة القاهرة، 2025.
504 _aببليوجرافيا: صفحات 224-231.
520 _aهدف البحث الحالي إلى التحقق من فاعلية استخدام برنامج قائم على المُشارَكَة الوَالدِيَّة للحد من الاضطراب المشترك لدى الأطفال الذاتوييَّن مُرْتفعِيَّ الأداء الوظِيفِيّ مُسْتخْدمِيّ الهَوَاتِف الذَّكِيَّة، واستخدمت الباحثة المنهج التجريبي لتحقيق أهداف البحث، وتكونت عينة البحث من (10) من الأطفال الذاتوييَّن مُرْتفعِيَّ الأداء الوظِيفِيّ، تراوحت أعمارهم الزمنية بين(5 :7) سنوات، اشتملت أدوات البحث على مقياس ستانفورد بينيه للذكاء صفوت فرج (2011)، ومقياس جيليام لتشخيص اضطراب الذاتوية لمرتفعي الأداء الوظيفي إعداد عادل عبد الله وعبير أبو المجد(2020)، ومقياس الاضطراب المشترك، (إعداد الباحثة)، مقياس إدمان الهواتف الذَّكِيَّة إعداد الباحثة، والبرنامج القائم على المُشارَكَة الوَالدِيَّة (إعداد الباحثة) وتوصلت نتائج البحث إلى وجود فروق دالة إحصائيًا بين متوسطات رتب درجات الأطفال في القياسين القبلي والبعدي بعد تطبيق برنامج المُشارَكَة الوَالدِيَّة على مقياس الاضطراب المشترك لصالح القياس البعدي، عدم وجود فروق دالة إحصائياً بين متوسطات رتب درجات الأطفال في القياسين البعدي والتتبعي بعد تطبيق برنامج المُشارَكَة الوَالدِيَّة وذلك على مقياس الاضطراب المشترك. كما أظهرت النتائج فاعلية البرنامج في خفض حدة إدمان الهواتف الذَّكِيَّة، كما ظهر في الفروق بين القياسين القبلي والبعدي واستمرار الفاعلية في القياس التتبعي، كما كشفت النتائج عن فاعلية البرنامج في خفض حدة اضطراب الذاتوية من خلال الفرق بين القياسين القبلي والبعدي،.
520 _aThe current study aimed to identify the effectiveness of using a program based on parental participation to reduce the co-morbidity in high-functioning children using smartphones, and the researcher used the experimental approach to achieve the objectives of the study, and the study sample consisted of (10) of high-functioning Autistic children, ranging in age from (5 : 6) years, the study tools included the co-morbid disorder scale, (the researcher's preparation), the smartphone addiction scale, the researcher's preparation and the program based on parental participation (the researcher's preparation). the results of the study found that there were statistically significant differences between the averages of the children's grades in the post and follow up test after the application of the parental participation program on the co-morbidity disorder scale in favor of follow up, there were no statistically significant differences between the averages of the children's grades in the post test and follow up test after the application of parental participation on co-morbid disorder scale. The results also showed the effectiveness of the program in reducing the severity of smartphone addiction in the differences between pre & post test and the continued effectiveness in tracking measurement, which indicates the continued effectiveness of the program as shown by the results of follow up measurement. The results also showed a significant effect of the program on decreasing autistic syptoms. The study provided a set of recommendations and proposals for subsequent research to design awareness programs to mothers on the risk of mobile phones.
530 _aصدر أيضًا كقرص مدمج.
546 _aالنص بالعربية والملخص باللغة الإنجليزية والعربية.
650 7 _aالاطفال الشواذ
_2qrmak
650 7 _a‪التوحد عند الأطفال
653 0 _aالاضطراب المشترك
_aالآطفال الذاتويين مرتفعي الأداء الوظيفي
_aإدمان الهواتف الذَّكِيَّة
700 0 _aخالد عبد الرازق النجار
_eمشرف أطروحة.
700 0 _aنهى ضياء الدين
_eمشرف أطروحة.
900 _b29-04-2025
_cخالد عبد الرازق النجار
_cنهى ضياء الدين
_dنبيل السيد حسن
_dهند إسماعيل إمبابي
_Uجامعة القاهرة
_Fكلية التربيه للطفولة المبكرة
_Dقسم العلوم النفسية
905 _aSara
_eAfaf
942 _2ddc
_cTH
_e21
_n0
999 _c179514